书目信息 |
| 题名: |
运动生物化学
|
|
| 作者: | ;体育院、系教材编审会《运动生物化学》编写组 编 | |
| 分册: | ||
| 出版信息: | 北京 人民体育出版社 1983 |
|
| 页数: | 302页 | |
| 开本: | 25cm | |
| 丛书名: | ||
| 单 册: | ||
| 中图分类: | G804.7 | |
| 科图分类: | ||
| 主题词: | 运动生物化学--高等学校--教材 | |
| 电子资源: | ||
| ISBN: | ||
| 000 | 00869nam0 2200241 45 | |
| 001 | 0183011327 | |
| 005 | 20060508093957.98 | |
| 010 | @dCNY2.00 | |
| 091 | @a7015.2100 | |
| 100 | @a19950512d1983 em y0chiy0121 ea | |
| 101 | 0 | @achi |
| 102 | @aCN@b110000 | |
| 105 | @ay z 000yy | |
| 200 | 10 | @a运动生物化学@Ayun dong sheng wu hua xue@f体育院、系教材编审会《运动生物化学》编写组编@Fti yu yuan、xi jiao cai bian shen hui《yun dong sheng wu hua xue》bian xie zu bian |
| 210 | @a北京@c人民体育出版社@d1983 | |
| 215 | @a302页@d25cm | |
| 300 | @a体育系通用教材 | |
| 606 | @a运动生物化学@x高等学校@x教材 | |
| 690 | @aG804.7@v3 | |
| 711 | 02 | @a体育院、系教材编审会《运动生物化学》编写组@Ati yu yuan xi jiao cai bian shen hui yun dong sheng wuhua xue bian xie zu@4编 |
| 801 | 0 | @aCN@b上海图书馆@c20060508 |
| 801 | 2 | @aCN@bNLC@c20060405 |
| 905 | @dG804.7@e34@f1@b112534 | |
| 运动生物化学/体育院、系教材编审会《运动生物化学》编写组编.-北京:人民体育出版社,1983 |
| 302页;25cm |
| 体育系通用教材 |
| ISBN :CNY2.00 |
| ● |
| 相关链接 |
|
|
|
|
正题名:运动生物化学
索取号:G804.7/34
 
预约/预借
| 序号 | 登录号 | 条形码 | 馆藏地/架位号 | 状态 | 备注 |
| 1 | 0112528 | 202308190 | 密集书库/ [索取号:G804.7/34] | 在馆 | |
| 2 | 0112529 | 202229944 | 密集书库/ [索取号:G804.7/34] | 在馆 | |
| 3 | 0112531 | 202229864 | 密集书库/ [索取号:G804.7/34] | 在馆 | |
| 4 | 0112532 | 202229828 | 密集书库/ [索取号:G804.7/34] | 在馆 | |
| 5 | 0112534 | 001950954 | 密集书库/ [索取号:G804.7/34] | 在馆 | |
| 6 | 0112535 | 202308154 | 密集书库/ [索取号:G804.7/34] | 在馆 | |
| 7 | 0112536 | 000997942 | 第一样本阅览室/ [索取号:G804.7/34] | 在馆 | |
| 8 | 0112537 | 202229908 | 密集书库/ [索取号:G804.7/34] | 在馆 | |
| 9 | 0112539 | 202308181 | 密集书库/ [索取号:G804.7/34] | 在馆 | |
| 10 | 0163969 | 000056566 | 密集书库/ [索取号:G804.7/34] | 在馆 |